|
|
|
|
| LEADER |
00000nam0a2200000 4500 |
| 001 |
225845 |
| 005 |
20231101230705.0 |
| 035 |
|
|
|a (RuTPU)RU\TPU\book\246206
|
| 090 |
|
|
|a 225845
|
| 100 |
|
|
|a 20121115d1955 km y0rusy50 ca
|
| 101 |
0 |
|
|a rus
|
| 102 |
|
|
|a RU
|a UA
|
| 105 |
|
|
|a a g 001zy
|
| 200 |
1 |
|
|a Краткий справочник гальванотехника
|f К. С. Гончаренко
|
| 210 |
|
|
|a Киев
|a Москва
|c Машгиз
|d 1955
|
| 215 |
|
|
|a 224 с.
|c ил.
|
| 320 |
|
|
|a Библиогр.: с. 220-221
|
| 606 |
1 |
|
|a Гальванотехника
|2 stltpush
|3 (RuTPU)RU\TPU\subj\5533
|9 33586
|
| 610 |
1 |
|
|a справочники
|
| 610 |
1 |
|
|a единицы измерений
|
| 610 |
1 |
|
|a растворы
|
| 610 |
1 |
|
|a металлы
|
| 610 |
1 |
|
|a защитные покрытия
|
| 610 |
1 |
|
|a шлифование
|
| 610 |
1 |
|
|a полирование
|
| 610 |
1 |
|
|a гальванические покрытия
|
| 610 |
1 |
|
|a меднение
|
| 610 |
1 |
|
|a никелирование
|
| 610 |
1 |
|
|a хромирование
|
| 610 |
1 |
|
|a цинкование
|
| 610 |
1 |
|
|a кадмирование
|
| 610 |
1 |
|
|a оловянирование
|
| 610 |
1 |
|
|a серебрение
|
| 610 |
1 |
|
|a качество
|
| 610 |
1 |
|
|a оборудование
|
| 675 |
|
|
|a 621.357(035)
|v 3
|
| 700 |
|
1 |
|a Гончаренко
|b К. С.
|g Константин Семёнович
|
| 801 |
|
1 |
|a RU
|b 63413507
|c 20121115
|
| 801 |
|
2 |
|a RU
|b 63413507
|c 20180614
|g RCR
|
| 942 |
|
|
|c BK
|